Central Library OPAC University of Rajshahi

The Quran / (Record no. 57043)

MARC details
000 -LEADER
fixed length control field 00670nam a22002538 4500
001 - CONTROL NUMBER
control field 57043
003 - CONTROL NUMBER IDENTIFIER
rucl marc code BD-RJUL
005 - DATE AND TIME OF LATEST TRANSACTION
control field 20211209080449.0
008 - FIXED-LENGTH DATA ELEMENTS--GENERAL INFORMATION
fixed length control field 161205r1999 ii 000 0 eng
020 ## - INTERNATIONAL STANDARD BOOK NUMBER
International Standard Book Number 8185063923
035 ## - SYSTEM CONTROL NUMBER
System control number (BD-RJUL)57167
System control number GLIS00498940
040 ## - CATALOGING SOURCE
Original cataloging agency DLC
Transcribing agency DLC
Modifying agency BD-RJUL
Language of cataloging eng
041 1# - LANGUAGE CODE
Language code of text/sound track or separate title eng
Language code of original ara
082 ## - DEWEY DECIMAL CLASSIFICATION NUMBER
Edition number 23
Classification number 297.122
Author mark and year QUR 1999
090 ## - LOCALLY ASSIGNED LC-TYPE CALL NUMBER (OCLC); LOCAL CALL NUMBER (OCLC)
Classification number (OCLC) (R) ; Classification number, CALL (RLIN) (NR) BP109
Local cutter number (OCLC) ; Book number/undivided call number, CALL (RLIN) .K48 1991
099 ## - LOCAL FREE-TEXT CALL NUMBER (OCLC)
Bangla Class number BP109.K48 1991
245 04 - TITLE STATEMENT
Title The Quran /
Statement of responsibility, etc. Translated by T. B. Irving
260 ## - PUBLICATION, DISTRIBUTION, ETC. (IMPRINT)
Place of publication, distribution, etc. India :
Name of publisher, distributor, etc. Goodward Press.,
Date of publication, distribution, etc. 1999.
300 ## - PHYSICAL DESCRIPTION
Pagination liv, 401 p. ;
Size 22 cm.
650 ## - SUBJECT ADDED ENTRY--TOPICAL TERM
Topical term or geographic name as entry element Islam
Form subdivision Koran
9 (RLIN) 169479
700 ## - ADDED ENTRY--PERSONAL NAME
Personal name Irving, T. B.
942 ## - ADDED ENTRY ELEMENTS (KOHA)
Source of classification or shelving scheme Dewey Decimal Classification
Koha item type Books
Holdings
Lost status Source of classification or shelving scheme Damaged status Not for loan Collection code Permanent Location Current Location Shelving location Date acquired Source of acquisition Cost, normal purchase price Total Checkouts Full call number Date last seen Copy number Koha item type
  Dewey Decimal Classification   Not For Loan Non-fiction Central Library, University of Rajshahi Central Library, University of Rajshahi Reading Room 05/04/2006 Dhaka, Paragon Enterpries Ltd. 295.00   297.122 QUR 1999 05/12/2016 C-1 Books